|
|
|
|
| LEADER |
01763nam a2200349 a 4500 |
| 001 |
997 |
| 003 |
BD-DhAAL |
| 005 |
20231010153812.0 |
| 008 |
151010s1998 ii b 10100 eng |
| 010 |
|
|
|a 98907375
|
| 020 |
|
|
|a 9840514393
|
| 020 |
|
|
|a 8173041296
|
| 040 |
|
|
|a ANL
|b eng
|d ANL
|d BD-DhAAL
|
| 050 |
0 |
0 |
|a KNS516
|b .I5 1998
|
| 082 |
0 |
0 |
|a 346.540134
|2 21
|
| 245 |
0 |
0 |
|a In the name of justice :
|b women and law in society /
|c edited by Swapna Mukhopadhyay.
|
| 260 |
|
|
|a New Delhi :
|b Manohar,
|c 1998.
|
| 300 |
|
|
|a 137 pages ;
|c 22 cm.
|
| 504 |
|
|
|a Includes bibliographical references and index.
|
| 520 |
|
|
|a Papers presented at the National Seminar on 'Women and Law', at New Delhi, 3-4 December 1994, jointly organized by the Institute of Social Sciences Trust, New Delhi and United Nations Economic and Social Commission for Asia and the Pacific.
|
| 526 |
|
|
|a BIED
|
| 541 |
|
|
|e 997, 41858
|a Complimentary copy from BIED
|
| 650 |
|
0 |
|a Women
|x Legal status, laws, etc.
|z India.
|9 15221
|
| 700 |
1 |
|
|a Mukhopadhyay, Swapna.
|9 15222
|
| 710 |
2 |
|
|a Institute of Social Studies Trust (New Delhi, India)
|9 15223
|
| 710 |
2 |
|
|a United Nations.
|b Economic and Social Commission for Asia and the Pacific.
|9 2974
|
| 711 |
2 |
|
|a National Seminar on "Women and Law"
|d (1994 :
|c New Delhi, India)
|9 15224
|
| 852 |
|
|
|a Ayesha Abed Library
|
| 942 |
|
|
|2 ddc
|c BK
|
| 999 |
|
|
|c 35729
|d 35729
|
| 952 |
|
|
|0 0
|1 0
|2 ddc
|4 0
|6 346_540134000000000_INT
|7 0
|9 56191
|a SCL
|b SCL
|c GEN
|d 2015-10-10
|g 300.00
|l 0
|o 346.540134 INT
|p 3020000997
|r 2015-10-10
|t 1
|w 2015-10-10
|y BK
|
| 952 |
|
|
|0 0
|1 0
|2 ddc
|4 0
|6 346_540134000000000_INT
|7 0
|9 74553
|a BRACUL
|b BRACUL
|c GEN
|d 2023-10-10
|e Complimentary copy from BIED
|g 300.00
|l 0
|o 346.540134 INT
|p 3010041858
|r 2023-10-10
|t 2
|w 2023-10-10
|y BK
|x Transferred from BIED to General Stacks
|